| 000 | 00765nam a2200241 a 4500 | ||
|---|---|---|---|
| 003 | DO-SdBNP | ||
| 005 | 20210830075946.0 | ||
| 008 | 100519s2010 dr r 000 p spa d | ||
| 020 | _a9789945163452 | ||
| 040 |
_aDO-SdBNP _bspa _cBPMSU |
||
| 082 |
_aRD861.44 _bE91i 2010 _222 |
||
| 100 | 1 | _aEusebio, Enríque | |
| 245 | 1 | 0 |
_aInventos del instante, instantes rotos : _bserrata 2010 / _cEnrique Eusebio. |
| 260 |
_aSanto Domingo : _bHecho en Casa _fBúho _c2010. |
||
| 300 |
_a100 p. ; _c24 cm. |
||
| 500 | _aIncluye datos biográficos del autor en las solapas | ||
| 504 | _aBibliografía : p. 11-15 | ||
| 590 | _6Inventariado, 2021/VM | ||
| 650 | 4 | _aPoesía dominicana | |
| 650 | 4 | _aLiteratura dominicana. | |
| 910 | _aInventariado, 2020/VM | ||
| 942 |
_2ddc _cBK |
||
| 999 |
_c8092 _d8092 |
||